000 00824nas a2200253 4500
001 BR9502255
003 BR-BrBNA
005 20231205093955.0
007 ta
008 230509b bl.|||p| |||| 00| 00por d
040 _aBR-BrBNA
_bpor
_cBiblioteca Nacional de Agricultura
041 _a(Pt)
072 _aK10
100 1 _aBarbosa, A.P.
100 1 _aSampaio, P.T.B. de
245 1 _aEfeitos da profundidade de semeadura e posicao da semente na germinacao e formacao da haste das mudas de cedrorana (Cedrelinga Catenaeformis Ducke)
650 _aCedrorana
650 _aSemente
650 _aProdutividade de Semeadura
650 _aGerminacao
773 0 _tActa Amazonica (Brazil)
_xISSN 0044-5967
_g(Mar-Dec 1990), v. 20 p. 3-10
_wBR9502255
909 _a202311
_bLúcia
_c55
_dLúcia Elande
942 _2AGRIS
_n0
_cANA
999 _c141381
_d141381